[Event "British Universities-ch"]
[Site "Leicester"]
[Date "2024.02.25"]
[Round "?"]
[White "Ye, David"]
[Black "Rushbrooke, Remy"]
[Result "0-1"]
[WhiteElo "1592"]
[BlackElo "2045"]
[PlyCount "132"]
[EventDate "2024.02.24"]
[EventType "team-swiss (rapid)"]
[EventRounds "9"]
[EventCountry "ENG"]
[SourceTitle "CB11_2024"]
[SourceDate "2024.03.13"]
[SourceVersion "1"]
[SourceVersionDate "2024.03.13"]
[SourceQuality "1"]
[WhiteTeam "Imperial"]
[BlackTeam "Cambridge"]
[WhiteTeamCountry "ENG"]
[BlackTeamCountry "ENG"]

1. e4 e5 2. Nf3 Nf6 3. Nxe5 d6 4. Nf3 Nxe4 5. c4 c6 6. Nc3 Nxc3 7. dxc3 Be7 8. Bd3 Nd7 9. 0-0 Ne5 10. Nxe5 dxe5 11. Qc2 Be6 12. Be3 Qc7 13. f4 exf4 14. Bxf4 Qb6+ 15. Kh1 0-0-0 16. a4 Bd6 17. b4 c5 18. a5 Qc7 19. Bxd6 Rxd6 20. Bf5 g6 21. Bxe6+ Rxe6 22. Qf2 f5 23. Rad1 Rhe8 24. Rd5 Re5 25. b5 Rxd5 26. cxd5 Qd6 27. c4 Re4 28. Qc2 Rh4 29. h3 Re4 30. Qc3 Qe5 31. Qxe5 Rxe5 32. Kg1 Re4 33. Rc1 Re2 34. Kh2 Ra2 35. Kg3 Kd7 36. Kf3 Rxa5 37. Rc3 Ra1 38. g4 Rf1+ 39. Kg3 f4+ 40. Kh4 h6 41. Ra3 Rc1 42. Rxa7 Kc7 43. d6+ Kb6 44. Ra8 Rd1 45. Rd8 Rd4 46. d7 Kc7 47. Rc8+ Kxd7 48. Rxc5 b6 49. Re5 Rxc4 50. Rd5+ Ke6 51. Rd8 g5+ 52. Kh5 f3 53. Rf8 Rf4 54. Re8+ Kf7 55. Re1 f2 56. Rf1 Kf6 57. Kxh6 Rf3 58. Kh7 Rxh3+ 59. Kg8 Rf3 60. Kf8 Ke5+ 61. Ke7 Kf4 62. Kd6 Kg3 63. Kc6 Kg2 64. Rb1 f1Q 65. Rxf1 Kxf1 66. Kxb6 Kg2 0-1